[Event "St Petersburg Summer op"]
[Site "St Petersburg"]
[Date "2017.08.19"]
[Round "4"]
[White "Sabirov, Timur"]
[Black "Morozova, Ulia"]
[Result "1-0"]
[WhiteElo "1767"]
[BlackElo "2017"]
[PlyCount "39"]
[EventDate "2017.08.16"]
[EventType "swiss"]
[EventRounds "9"]
[EventCountry "RUS"]
[SourceTitle "CBM 180 Extra"]
[Source "ChessBase"]
[SourceDate "2017.10.06"]
[SourceVersion "1"]
[SourceVersionDate "2017.10.06"]
[SourceQuality "1"]

1. c4 Nf6 2. g3 d5 3. cxd5 Qxd5 4. Nf3 g6 5. Nc3 Qh5 6. e4 Bg7 7. d4 c5 8. e5 Ng4 9. Nd5 0-0 10. Nxe7+ Kh8 11. Nxc8 Rxc8 12. Ng5 f6 13. Nf7+ Kg8 14. Be2 Qf5 15. 0-0 Qd7 16. Bxg4 f5 17. e6 Qxe6 18. Ng5 Qe7 19. Re1 Qd7 20. Bf3 1-0

[Event "Moscow op-B (Women)"]
[Site "Moscow"]
[Date "2015.02.08"]
[Round "9"]
[White "Kuznetsova, Darya"]
[Black "Morozova, Ulia"]
[Result "1-0"]
[WhiteElo "1845"]
[BlackElo "2093"]
[PlyCount "51"]
[EventDate "2015.01.31"]
[EventType "swiss"]
[EventRounds "9"]
[EventCountry "RUS"]
[SourceTitle "CBM 164 Extra"]
[Source "ChessBase"]
[SourceDate "2015.03.02"]
[SourceVersion "1"]
[SourceVersionDate "2015.03.02"]
[SourceQuality "1"]

1. e4 d6 2. d4 Nf6 3. Nc3 e5 4. Nf3 Nbd7 5. Bc4 Be7 6. 0-0 0-0 7. Re1 c6 8. a4 b6 9. d5 Bb7 10. dxc6 Bxc6 11. Nd5 Bxd5 12. Bxd5 Nxd5 13. Qxd5 Rc8 14. c4 Kh8 15. b4 f5 16. exf5 Rxf5 17. Qd3 Qf8 18. a5 Qf7 19. axb6 Nxb6 20. Rxa7 g6 21. Bg5 Re8 22. c5 Nc8 23. Rc7 dxc5 24. bxc5 Rd8 25. Qxd8+ Bxd8 26. Rxf7 1-0

[Event "RUS-chT U20"]
[Site "Kolomna"]
[Date "2014.08.05"]
[Round "4"]
[White "Morozova, Ulia"]
[Black "Borisova, Ekaterina"]
[Result "0-1"]
[WhiteElo "1946"]
[BlackElo "1799"]
[PlyCount "100"]
[EventDate "2014.08.02"]
[EventType "swiss"]
[EventRounds "9"]
[EventCountry "RUS"]
[SourceTitle "EXT 2016"]
[Source "ChessBase"]
[SourceDate "2015.10.08"]
[SourceVersion "1"]
[SourceVersionDate "2015.10.08"]
[SourceQuality "1"]

1. e4 c5 2. Nf3 Nc6 3. Bb5 g6 4. 0-0 Bg7 5. Bxc6 bxc6 6. Re1 f6 7. c4 Nh6 8. Nc3 Nf7 9. d3 0-0 10. Be3 d6 11. h3 e5 12. Rb1 a5 13. Nd2 Qc7 14. a3 Rb8 15. Na2 Be6 16. b4 cxb4 17. axb4 f5 18. f3 d5 19. Bc5 Rfd8 20. Qc2 Bh6 21. Nb3 a4 22. Na5 dxe4 23. dxe4 Rd2 24. Qxa4 Bd7 25. Rbd1 fxe4 26. Rxd2 Bxd2 27. Rxe4 Ng5 28. Re2 Bf4 29. Qd1 Qd8 30. h4 Ne6 31. Bf2 Nd4 32. Re1 Nf5 33. Qd3 Ng3 34. Bxg3 Bxg3 35. Rd1 Qxh4 36. Qxd7 Qh2+ 37. Kf1 Qh1+ 38. Ke2 Qxg2+ 39. Kd3 Rf8 40. Kc3 Qxa2 41. Qxc6 Qe2 42. Qd5+ Kh8 43. Kb3 Rxf3+ 44. Ka4 Qc2+ 45. Kb5 Rf5 46. Rd2 Qc3 47. Rd3 Qxd3 48. Qxd3 e4+ 49. Qd5 e3 50. Nc6 Rxd5+ 0-1

[Event "Ostrava Konik op-A"]
[Site "Ostrava"]
[Date "2012.05.01"]
[Round "4"]
[White "Morozova, Ulia"]
[Black "Zemlicka, Vit"]
[Result "1/2-1/2"]
[WhiteElo "1875"]
[BlackElo "1998"]
[PlyCount "96"]
[EventDate "2012.04.28"]
[EventType "swiss"]
[EventRounds "9"]
[EventCountry "CZE"]
[SourceTitle "CBM 148 Extra"]
[Source "ChessBase"]
[SourceDate "2012.06.22"]
[SourceVersion "1"]
[SourceVersionDate "2012.06.22"]
[SourceQuality "1"]

1. e4 b6 2. d4 Bb7 3. Nc3 Nf6 4. f3 e6 5. Be3 c5 6. Nge2 Nc6 7. Qd2 cxd4 8. Nxd4 Be7 9. 0-0-0 a6 10. g4 d6 11. Nxc6 Bxc6 12. h4 Qc7 13. Kb1 b5 14. Bg2 b4 15. Ne2 d5 16. e5 Nd7 17. f4 Nb6 18. Bxb6 Qxb6 19. Nd4 Bd7 20. f5 0-0-0 21. Rhf1 Bxh4 22. fxe6 Bxe6 23. Nxe6 fxe6 24. c3 b3 25. axb3 Qxb3 26. g5 h6 27. Bh3 Qb6 28. gxh6 gxh6 29. Rf7 Bg5 30. Qg2 Rhf8 31. Rdf1 Rxf7 32. Rxf7 Kb8 33. Qg4 Re8 34. Rg7 Rf8 35. Qh5 Qc6 36. Rf7 Qe8 37. Bxe6 Rxf7 38. Qxf7 Qxf7 39. Bxf7 Kc7 40. Bxd5 Bf4 41. e6 Kd6 42. Bc4 h5 43. Bxa6 Kxe6 44. Bc8+ Kd5 45. b4 Kd6 46. Kb2 Kc6 47. Kb3 h4 48. Bh3 Kb6 1/2-1/2

[Event "Ostrava Konik op-A"]
[Site "Ostrava"]
[Date "2012.04.30"]
[Round "3"]
[White "Didi, Jan"]
[Black "Morozova, Ulia"]
[Result "1-0"]
[WhiteElo "2019"]
[BlackElo "1875"]
[PlyCount "77"]
[EventDate "2012.04.28"]
[EventType "swiss"]
[EventRounds "9"]
[EventCountry "CZE"]
[SourceTitle "CBM 148 Extra"]
[Source "ChessBase"]
[SourceDate "2012.06.22"]
[SourceVersion "1"]
[SourceVersionDate "2012.06.22"]
[SourceQuality "1"]

1. e4 d6 2. d4 Nf6 3. Nc3 e5 4. Nf3 Nbd7 5. Bc4 Be7 6. a4 0-0 7. 0-0 c6 8. h3 b6 9. Qe2 Bb7 10. dxe5 dxe5 11. Bg5 a6 12. Rad1 Qc7 13. Nh4 g6 14. f4 b5 15. Ba2 b4 16. f5 Kg7 17. Nb1 h6 18. Bc1 Nc5 19. Nd2 Nxa4 20. Kh1 a5 21. Bc4 Nb6 22. Qe3 Nh5 23. Qf2 Nxc4 24. Nxc4 Ba6 25. Ne3 Bxf1 26. Rxf1 Nf6 27. fxg6 fxg6 28. Qg3 g5 29. Nef5+ Kf7 30. Qb3+ Ke8 31. Rd1 Rf7 32. Nxh6 Rh7 33. N4f5 Rd8 34. Rf1 c5 35. Bxg5 Kd7 36. Nxe7 Rxe7 37. Bxf6 Re6 38. Bxd8 Qxd8 39. Rd1+ 1-0

[Event "Ostrava Konik op-A"]
[Site "Ostrava"]
[Date "2012.04.28"]
[Round "1"]
[White "Morozova, Ulia"]
[Black "Chlevistan, Jakub"]
[Result "1/2-1/2"]
[WhiteElo "1875"]
[BlackElo "2140"]
[PlyCount "50"]
[EventDate "2012.04.28"]
[EventType "swiss"]
[EventRounds "9"]
[EventCountry "CZE"]
[SourceTitle "CBM 148 Extra"]
[Source "ChessBase"]
[SourceDate "2012.06.22"]
[SourceVersion "1"]
[SourceVersionDate "2012.06.22"]
[SourceQuality "1"]

1. e4 c5 2. Nf3 e6 3. d4 cxd4 4. Nxd4 a6 5. Nc3 Qc7 6. Bd2 Nf6 7. Bd3 b5 8. 0-0 Bb7 9. Re1 d6 10. a4 bxa4 11. Nxa4 Be7 12. Qe2 0-0 13. b4 d5 14. e5 Ne4 15. c3 Qxe5 16. Nb6 Ra7 17. Nb5 axb5 18. Rxa7 Qc7 19. Na8 Qc8 20. Bxe4 Nc6 21. Nb6 Qc7 22. Nxd5 exd5 23. Rxb7 Qxb7 24. Bxd5 Bf6 25. Qe4 Qd7 1/2-1/2

[Event "Moscow-ch (Women)"]
[Site "Moscow"]
[Date "2012.03.24"]
[Round "8"]
[White "Utiatskaja, Irina"]
[Black "Morozova, Ulia"]
[Result "1/2-1/2"]
[WhiteElo "1915"]
[BlackElo "1875"]
[PlyCount "57"]
[EventDate "2012.03.17"]
[EventType "swiss"]
[EventRounds "9"]
[EventCountry "RUS"]
[SourceTitle "CBM 147 Extra"]
[Source "ChessBase"]
[SourceDate "2012.04.24"]
[SourceVersion "1"]
[SourceVersionDate "2012.04.24"]
[SourceQuality "1"]

1. e4 d6 2. d4 Nf6 3. Nc3 Nbd7 4. Nf3 e5 5. Bc4 Be7 6. 0-0 0-0 7. Re1 a6 8. a4 b6 9. Bg5 Bb7 10. Bxf6 Bxf6 11. d5 g6 12. b4 Bg7 13. Nd2 f5 14. f3 f4 15. Na2 Qh4 16. Be2 g5 17. c4 a5 18. bxa5 Rxa5 19. Nc1 Nf6 20. Nd3 Bc8 21. Nf2 h5 22. h3 Bd7 23. Nb1 Kf7 24. Nc3 Rh8 25. Nb5 Qg3 26. Nh1 Qh4 27. Nf2 Qg3 28. Nh1 Qh4 29. Nf2 1/2-1/2

[Event "Moscow-ch (Women)"]
[Site "Moscow"]
[Date "2012.03.23"]
[Round "7"]
[White "Morozova, Ulia"]
[Black "Zizlova, Sofia"]
[Result "0-1"]
[WhiteElo "1875"]
[BlackElo "2149"]
[PlyCount "74"]
[EventDate "2012.03.17"]
[EventType "swiss"]
[EventRounds "9"]
[EventCountry "RUS"]
[SourceTitle "CBM 147 Extra"]
[Source "ChessBase"]
[SourceDate "2012.04.24"]
[SourceVersion "1"]
[SourceVersionDate "2012.04.24"]
[SourceQuality "1"]

1. e4 c5 2. Nf3 d6 3. d4 cxd4 4. Nxd4 Nf6 5. Nc3 a6 6. Bg5 Nbd7 7. f4 Qc7 8. Qf3 h6 9. Bxf6 Nxf6 10. h3 e6 11. 0-0-0 Be7 12. g4 Nd7 13. f5 Ne5 14. Qg3 Bd7 15. h4 0-0-0 16. Be2 g5 17. hxg5 Bxg5+ 18. Kb1 Kb8 19. Nf3 Bf6 20. Rh3 Rc8 21. Nxe5 Bxe5 22. Qe1 Qb6 23. Qd2 Rc7 24. Ka1 Rhc8 25. Rb1 Qa5 26. Rd3 Rxc3 27. bxc3 Rxc3 28. Rd4 Qc5 29. Bxa6 Bxd4 30. Rxb7+ Ka8 31. Kb1 Rg3 32. c4 Rg1+ 33. Kc2 Ba4+ 34. Rb3 Be3 35. Qd3 Rc1+ 36. Kb2 Bxb3 37. axb3 Qe5+ 0-1

[Event "Moscow-ch (Women)"]
[Site "Moscow"]
[Date "2012.03.21"]
[Round "5"]
[White "Morozova, Ulia"]
[Black "Grigoryeva, Olga A"]
[Result "0-1"]
[WhiteElo "1875"]
[BlackElo "2157"]
[PlyCount "76"]
[EventDate "2012.03.17"]
[EventType "swiss"]
[EventRounds "9"]
[EventCountry "RUS"]
[SourceTitle "CBM 147 Extra"]
[Source "ChessBase"]
[SourceDate "2012.04.24"]
[SourceVersion "1"]
[SourceVersionDate "2012.04.24"]
[SourceQuality "1"]

1. e4 c5 2. Nf3 Nc6 3. d4 cxd4 4. Nxd4 e5 5. Nb5 d6 6. N1c3 a6 7. Na3 Be7 8. Be2 Be6 9. Nd5 Nf6 10. Nxf6+ Bxf6 11. c4 Bg5 12. 0-0 Nd4 13. Nc2 Nxe2+ 14. Qxe2 Bxc1 15. Raxc1 Qh4 16. Rfd1 Rd8 17. Nb4 0-0 18. Nd5 f5 19. g3 Qxe4 20. Qxe4 fxe4 21. Re1 Bxd5 22. cxd5 Rc8 23. b3 h6 24. Rc4 b5 25. Rcxe4 Rc5 26. Rd1 Rc2 27. f4 exf4 28. gxf4 Rxa2 29. Re6 Rxf4 30. Rxd6 Rg4+ 31. Kh1 Rgg2 32. Rd8+ Kh7 33. d6 Rxh2+ 34. Kg1 Rhd2 35. Rxd2 Rxd2 36. Kf1 a5 37. Ke1 Rd5 38. Ke2 a4 0-1

[Event "Moscow-ch (Women)"]
[Site "Moscow"]
[Date "2012.03.20"]
[Round "4"]
[White "Dogodkina, Julia"]
[Black "Morozova, Ulia"]
[Result "0-1"]
[WhiteElo "2161"]
[BlackElo "1875"]
[PlyCount "108"]
[EventDate "2012.03.17"]
[EventType "swiss"]
[EventRounds "9"]
[EventCountry "RUS"]
[SourceTitle "CBM 147 Extra"]
[Source "ChessBase"]
[SourceDate "2012.04.24"]
[SourceVersion "1"]
[SourceVersionDate "2012.04.24"]
[SourceQuality "1"]

1. Nf3 Nf6 2. d4 g6 3. c4 Bg7 4. h3 0-0 5. Bg5 c5 6. Nc3 cxd4 7. Qxd4 Nc6 8. Qd2 b6 9. Bh6 Bb7 10. h4 Ng4 11. Bxg7 Kxg7 12. e3 h5 13. 0-0-0 d6 14. Ng5 Rh8 15. Be2 Qc8 16. Nd5 f6 17. Ne4 Qd7 18. Qc3 Qf5 19. f3 Nh6 20. Qa3 Qd7 21. Rd2 Rad8 22. Kb1 Rhf8 23. Rg1 Ne5 24. Nf2 Nf5 25. f4 Nf7 26. e4 N5h6 27. g4 hxg4 28. Nxg4 Bxd5 29. cxd5 Kh7 30. Qb3 Rg8 31. Bb5 Qb7 32. Qe3 Nxg4 33. Rxg4 Nh6 34. Rg1 Rg7 35. Rc2 Rc8 36. Bc6 Qc7 37. Rcg2 Rcg8 38. Qe2 e6 39. Rc1 Qe7 40. dxe6 Rc8 41. Qc4 f5 42. h5 gxh5 43. Rxg7+ Qxg7 44. exf5 Nxf5 45. Qe4 Qg6 46. Ka1 Ne7 47. Qxg6+ Kxg6 48. Be4+ Kf6 49. Re1 Rh8 50. Bd3 h4 51. f5 h3 52. Rf1 d5 53. Kb1 h2 54. Rh1 Nxf5 0-1

[Event "Moscow op (Women)"]
[Site "Moscow"]
[Date "2012.02.05"]
[Round "9"]
[White "Karmanova, Marina"]
[Black "Morozova, Ulia"]
[Result "1-0"]
[WhiteElo "2030"]
[BlackElo "1880"]
[PlyCount "41"]
[EventDate "2012.01.28"]
[EventType "swiss"]
[EventRounds "9"]
[EventCountry "RUS"]
[SourceTitle "CBM 146 Extra"]
[Source "ChessBase"]
[SourceDate "2012.02.29"]
[SourceVersion "1"]
[SourceVersionDate "2012.02.29"]
[SourceQuality "1"]

1. e4 d6 2. d4 Nf6 3. Nc3 e5 4. Nf3 Nbd7 5. Bc4 Be7 6. Ng5 0-0 7. Bxf7+ Rxf7 8. Ne6 Qe8 9. Nxc7 Qd8 10. Nxa8 exd4 11. Qxd4 d5 12. Bg5 Bc5 13. Bxf6 Qa5 14. Qa4 Qxa4 15. Nxa4 Rxf6 16. Nxc5 Nxc5 17. Nc7 dxe4 18. Nd5 Re6 19. 0-0-0 Bd7 20. Ne3 Ra6 21. b4 1-0

[Event "Moscow op-F (Women)"]
[Site "Moscow"]
[Date "2011.02.05"]
[Round "8"]
[White "Trapeznikova, Darya"]
[Black "Morozova, Ulia"]
[Result "1/2-1/2"]
[WhiteElo "1991"]
[BlackElo "1724"]
[PlyCount "67"]
[EventDate "2011.01.29"]
[EventType "swiss"]
[EventRounds "9"]
[EventCountry "RUS"]
[SourceTitle "CBM 140 Extra"]
[Source "ChessBase"]
[SourceDate "2011.03.01"]
[SourceVersion "1"]
[SourceVersionDate "2011.03.01"]
[SourceQuality "1"]

1. d4 Nf6 2. c4 g6 3. Nc3 d5 4. cxd5 Nxd5 5. e4 Nxc3 6. bxc3 c5 7. Be3 Bg7 8. Nf3 0-0 9. Be2 Nc6 10. 0-0 cxd4 11. cxd4 Bg4 12. d5 Bxf3 13. Bxf3 Bxa1 14. Qxa1 Na5 15. Bh6 f6 16. Bg4 Qd6 17. Be6+ Kh8 18. Qc3 b6 19. Bxf8 Rxf8 20. Rc1 Nb7 21. Qc7 Nc5 22. Qxa7 Nxe6 23. dxe6 Qxe6 24. Rb1 Qxe4 25. Qxb6 Kg7 26. Ra1 Ra8 27. h3 Qe5 28. Qb1 Ra3 29. Qc1 Qa5 30. Qb2 h5 31. Qe2 Qa7 32. Qe6 Ra6 33. Qb3 Ra3 34. Qe6 1/2-1/2

[Event "Moscow op-F (Women)"]
[Site "Moscow"]
[Date "2011.02.04"]
[Round "7"]
[White "Morozova, Ulia"]
[Black "Kalashnikova, Larisa"]
[Result "1-0"]
[WhiteElo "1724"]
[BlackElo "1971"]
[PlyCount "159"]
[EventDate "2011.01.29"]
[EventType "swiss"]
[EventRounds "9"]
[EventCountry "RUS"]
[SourceTitle "CBM 140 Extra"]
[Source "ChessBase"]
[SourceDate "2011.03.01"]
[SourceVersion "1"]
[SourceVersionDate "2011.03.01"]
[SourceQuality "1"]

1. e4 e6 2. d4 d5 3. exd5 exd5 4. Nf3 Bd6 5. Bd3 Qe7+ 6. Be2 Nf6 7. 0-0 0-0 8. c4 c6 9. Nc3 Bf5 10. Bg5 dxc4 11. Bxc4 h6 12. Re1 Qd8 13. Bh4 Nbd7 14. Ne2 Qb6 15. Bb3 Rfe8 16. h3 Nd5 17. Bg3 Bb4 18. Rf1 N7f6 19. a3 Be7 20. Ne5 Rac8 21. Nf4 Qd8 22. Rc1 Qa5 23. Re1 Qd8 24. Bc2 Bxc2 25. Rxc2 Nxf4 26. Bxf4 Nd5 27. Bg3 Bf6 28. Rce2 Bxe5 29. dxe5 Re6 30. f4 Rg6 31. Qd3 Qb6+ 32. Kh2 Re6 33. f5 Ree8 34. Bf2 Qc7 35. Qg3 a6 36. Bc5 Qd8 37. Re4 Ne7 38. Bxe7 Qxe7 39. f6 Qf8 40. Rg4 g6 41. e6 Kh7 42. e7 Qh8 43. Rf1 c5 44. Qb3 Qg8 45. Qxb7 Rb8 46. Qxa6 Rxb2 47. Rd1 Qh8 48. Rf4 Qg8 49. Qc4 g5 50. Rf3 Qg6 51. Rd8 Rb8 52. Rxe8 Rxe8 53. Qxc5 Kh8 54. Qf5 Qg8 55. h4 gxh4 56. Rh3 Qg5 57. Qxg5 hxg5 58. Rf3 Kh7 59. a4 Kg6 60. a5 Ra8 61. a6 g4 62. Re3 Re8 63. a7 Kxf6 64. a8Q Rxa8 65. e8Q Rxe8 66. Rxe8 Kf5 67. Rh8 Kg5 68. Kg1 f5 69. Kf2 Kf4 70. Rxh4 Kg5 71. Rh8 Kf4 72. g3+ Ke4 73. Ra8 Kd4 74. Ra4+ Ke5 75. Rf4 Ke6 76. Ke3 Ke5 77. Kd3 Ke6 78. Kd4 Kf6 79. Kd5 Kg5 80. Ke5 1-0